00672cam a2200229Mi 4500001001300000005001700013008004100030015001900071020001500090020001800105020001500123020001800138035002100156040004400177041000800221100002300229245007300252260003800325300002200363650003600385650002100421ocn49132331120171120151152.0171117s2000 enk f b 001 0 eng d aGBA0X66532bnb z1901362434 a9781901362435 z1901362442 a9781901362442 a(OCoLC)491323311 aCo-BoUCMbspacSaul NiñodSaul Niño0 aeng1 aWorthington, Sarah10aPersonal property lawbtexts, cases and materialscSarah Worthington aOxfordaPortland, OrebHartc2000 axl, 716 páginas 7aBienes muebles zGran Bretaña 7aDerecho privado